A tudományos együttműködésről

Elmentve itt :
Bibliográfiai részletek
Dokumentumtípus: Cikk
Megjelent: 1976
Sorozat:Szegedi Egyetem 14 No. 3
Kulcsszavak:Külföldi vendég - Nyikolaj Nyikolajevics Csebokszárov - akadémikus, Antropológiai Tanszék, Összehasonlító Állatélettani Tanszék, Interjú
Online Access:http://univ.bibl.u-szeged.hu/13859
LEADER 00696nab a2200181 i 4500
001 univ13859
005 20241025115125.0
008 180131s1976 hu o 000 hun d
022 |a 0230-791X 
040 |a SZTE UnivHistória Repozitórium  |b hun 
041 |a hun 
245 0 2 |a A tudományos együttműködésről  |h [elektronikus dokumentum] 
260 |c 1976 
300 |a 4 
490 0 |a Szegedi Egyetem  |v 14 No. 3 
561 |a Egyetemi, hallgatói élet 
695 |a Külföldi vendég - Nyikolaj Nyikolajevics Csebokszárov - akadémikus, Antropológiai Tanszék, Összehasonlító Állatélettani Tanszék, Interjú 
856 4 0 |u http://univ.bibl.u-szeged.hu/13859/1/sze_1976_003_004.pdf  |z Dokumentum-elérés